Count to Fifteen (in Words) in 15 Seconds - Statistics

General Stats
  • This quiz has been taken 272 times
  • The average score is 12 of 15
Answer Stats
count % Correct
one
100%
three
96%
two
96%
five
95%
four
93%
six
93%
seven
92%
eight
91%
nine
88%
ten
88%
eleven
84%
twelve
68%
thirteen
52%
fourteen
41%
fifteen
28%
No matching quizzes found
Score Distribution
Percent of People with Each Score
Percentile by Number Answered
Your Score History
You have not taken this quiz